000 00520nam a2200205Ia 4500
005 20250508165712.0
008 008 250505s9999 xx 000 0 eng d
037 _aTextual
040 _aFEDL
_beng
_cFEDL
041 _aeng
_2eng
084 _a954, DAS/O
_qFEDL
100 _aDas Varsha
_9394498
245 0 _aOur States
260 _aNew York, USA
_bScholastic Inc.
_c2004
300 _a18p.
365 _aINR
_b50
546 _aC.S.E.C
942 _cTEXL
_h954, DAS/O
999 _c1396861
_d1396861